The Lorenz equations : bifurcations, chaos, and strange attractors
Αποθηκεύτηκε σε:
| Κύριος συγγραφέας: | |
|---|---|
| Μορφή: | Βιβλίο |
| Γλώσσα: | English |
| Δημοσίευση: |
New York :
Springer-Verlag,
c1982
|
| Σειρά: | Applied mathematical sciences (Springer-Verlag New York Inc.)
|
| Θέματα: | |
| Ετικέτες: |
Προσθήκη ετικέτας
Δεν υπάρχουν, Καταχωρήστε ετικέτα πρώτοι!
|
MARC
| LEADER | 00000cam a2200000 i 4500 | ||
|---|---|---|---|
| 001 | 1/31009 | ||
| 008 | 941103s1982 eng d | ||
| 020 | |a 0387907750 | ||
| 035 | |l 10038716 | ||
| 035 | |a 1993 |c ΦΛΕΣΣΑΣ | ||
| 040 | |a GR-MY-UA |b gre |e aacr | ||
| 041 | 0 | |a eng | |
| 082 | 0 | |a 515.352 |2 (19) | |
| 100 | 1 | |a Sparrow, Colin. | |
| 245 | 1 | 4 | |a The Lorenz equations : |b bifurcations, chaos, and strange attractors / |c Colin Sparrow |
| 260 | |a New York : |b Springer-Verlag, |c c1982 | ||
| 300 | |a XII, 269 p.; |b ill.; |c 24 cm | ||
| 490 | 1 | |a Applied mathematical sciences (Springer-Verlag New York Inc.) |v ; 41 | |
| 500 | |a Includes index | ||
| 504 | |a Bibliography: p. 262-267 | ||
| 650 | 0 | 0 | |a Lorenz equations. |
| 650 | 0 | 0 | |a Bifurcation theory. |
| 830 | 0 | |a Applied mathematical sciences (Springer-Verlag New York Inc.) | |
| 852 | |a INST |b SAMOS |e 19941103 |h 515.352 SPA |p 005300003090 |q 005300003090 |t BK |y 0 | ||
| 909 | |a Σ |b 026911 | ||